College Quizbowl Stats
College Quizbowl Stats
Circuits
Seasons
Sets
Records
Detailed Stats
About
Loading...
2025 Chicago Open
Tossups
Bonuses
Players
Teams
Categories (Tossup)
Categories (Bonus)
Fern Fang
Please sir, may I have some morb?
Categories
Category
Powers
Gets
Negs
BBs
Points
Earliest Buzz
Avg. Buzz
First Buzzes
Top 3 Buzzes
BPA
PVF
Science - Chemistry
0
3
0
1
30
104
120.33
0
1
0.00
0.00
Science - Biology
0
2
1
1
15
128
130.00
0
0
0.00
0.00
Modern World
0
0
1
0
-5
0.00
0
0
0.00
0.00
Social Science
0
0
2
0
-10
0.00
0
0
0.00
0.00
Buzzes
Category
Answer
Value
Buzz Position
Science - Biology
saliva
-5
64
Social Science
University of Pennsylvania
-5
70
Modern World
electric vehicle industry
-5
93
Social Science
victims of crime
-5
95
Science - Chemistry
alloys
10
104
Science - Biology
acacias
0
122
Science - Chemistry
standard heat of formation
10
123
Social Science
guānxi
0
125
Science - Biology
queen honey bees
10
128
Science - Biology
eardrum
10
132
Previous
1
2
Next